[Event "Villa Roja de Artemisa tt"]
[Site "Artemisa"]
[Date "2018.06.24"]
[Round "9.2"]
[White "Arteaga Garcia, Alejandro"]
[Black "Vargas Rodriguez, Wilver"]
[Result "1-0"]
[WhiteElo "2169"]
[BlackElo "2249"]
[PlyCount "77"]
[EventDate "2018.06.20"]
[EventType "team-tourn"]
[EventRounds "9"]
[EventCountry "CUB"]
[SourceTitle "EXT 2021"]
[Source "ChessBase"]
[SourceDate "2020.10.23"]
[SourceVersion "1"]
[SourceVersionDate "2020.10.23"]
[SourceQuality "1"]

1. c4 Nf6 2. Nc3 g6 3. g3 Bg7 4. Bg2 d6 5. e3 0-0 6. Nge2 e5 7. 0-0 c6 8. e4 Be6 9. d3 Qd7 10. f4 Bh3 11. f5 Bxg2 12. Kxg2 Na6 13. h3 h6 14. g4 d5 15. g5 hxg5 16. Bxg5 dxc4 17. dxc4 Qxd1 18. Raxd1 Nc5 19. Ng3 a5 20. h4 Kh7 21. h5 Nxh5 22. Nxh5 gxh5 23. Rh1 f6 24. Rxh5+ Kg8 25. Be3 b6 26. Kf3 Rad8 27. Rhh1 Rfe8 28. Bxc5 bxc5 29. Na4 Rd4 30. Nxc5 Rxd1 31. Rxd1 Rb8 32. b3 Rc8 33. Ne6 Bf8 34. Rd8 Rxd8 35. Nxd8 c5 36. Nb7 Kf7 37. Nxa5 Ke7 38. Nc6+ Kd7 39. Na7 1-0